000 01195nam0a22002771 4500
001 rc\1026516
005 20041129102814.0
035 _a(NLR Aleph) 006190668
090 _a6162876
_c6162876
100 _a20041129d1981 u |0rusy50 ca
101 0 _arus
102 _aRU
105 _ay |||||||||
200 1 _aПрименение автоматизированных обучающих систем в высших учебных заведениях
_f[А.Я. Савельев, д. т. н., проф., В.А. Новиков, к. т. н., В.С. Токарева, к. б. н.]
210 _aМ.
_cНИИВШ
_d1981
215 _a[1], 36 с.
_d20
225 1 _aОбзорная информация
_fМ-во высш. и сред. спец. образования СССР, НИИ пробл. высш. школы
700 1 _aСавельев
_bА. Я.
_gАлександр Яковлевич
701 1 _aНовиков
_bВ. А.
701 1 _aТокарева
_bВ. С.
712 0 2 _aНИИ проблем высшей школы
_cМосква
_3RU\NLR\AUTH\8810001417
801 0 _aRU
_bNLR
_gpsbo
801 1 _aRU
_bELAR
_2rusmarc
852 _aNLR
_j81-4/28788
942 _cBOOK
980 _aNB